| 000 | 00712nam a2200217Ia 4500 | ||
|---|---|---|---|
| 003 | IIN | ||
| 005 | 20250325125258.0 | ||
| 008 | 250325s9999 xx ad 001 0 eng d | ||
| 020 |
_cRs.1195.00 _a9789354669439 |
||
| 040 |
_aIIN _bEnglish |
||
| 082 |
_a611 _bCHA |
||
| 100 | 1 | _aChaurasia, BD | |
| 245 | 1 |
_aBD Chaurasia's Human Anatomy _bRegional and Applied Dissection and Clinical Brain-Neuroanatomy _cBD Chaurasia |
|
| 250 | _a 10th ed | ||
| 260 |
_bCBS _aNew Delhi _c2025 |
||
| 300 |
_axiv, 199 p./ V. 4 _bcol. ill. _eWorkbook of Human Anatomy Head and Neck, Brain-Neuroanatomy |
||
| 500 | _a V. 4: Brain-Neuroanatomy | ||
| 650 | 1 |
_aAnatomy _xHuman Anatomy |
|
| 650 | 1 | _aNeuroanatomy | |
| 942 | _cBOOK | ||
| 999 |
_c1696 _d1696 |
||